| Tag |
First Indicator |
Second Indicator |
Subfields |
| LEADER |
00000cam a2200000 a 4500 |
| 001 |
in00001354521 |
| 005 |
20191214063153.0 |
| 008 |
930615s1994 caua j 000 1 eng |
| 010 |
|
|
|a 93026493
|
| 020 |
|
|
|a 0152305637 :
|c $15.95
|
| 035 |
|
|
|a (OCoLC)28585836
|
| 035 |
|
|
|9 AHG8906AM
|
| 040 |
|
|
|a DLC
|c DLC
|d TXA
|d UtOrBLW
|
| 049 |
|
|
|a TXAM
|
| 050 |
0 |
0 |
|a PZ7.W6422
|b Gam 1994
|
| 082 |
0 |
0 |
|a [Fic]
|2 20
|
| 100 |
1 |
|
|a Wilbur, Richard,
|d 1921-2017.
|
| 245 |
1 |
2 |
|a A game of catch /
|c Richard Wilbur ; illustrated by Barry Moser.
|
| 250 |
|
|
|a 1st ed.
|
| 264 |
|
1 |
|a San Diego :
|b Harcourt Brace,
|c [1994]
|
| 264 |
|
4 |
|c ©1994
|
| 300 |
|
|
|a 29 pages :
|b color illustrations ;
|c 27 cm.
|
| 336 |
|
|
|a text
|b txt
|2 rdacontent
|
| 337 |
|
|
|a unmediated
|b n
|2 rdamedia
|
| 338 |
|
|
|a volume
|b nc
|2 rdacarrier
|
| 500 |
|
|
|a "A Game of Catch" originally appeared in The New Yorker, 1953"--Colophon."
|
| 520 |
|
|
|a Three boys enjoy a game of catch until one begins to feel left out and looks for a way to fit in again.
|
| 650 |
|
1 |
|a Friendship
|x Fiction.
|
| 650 |
|
1 |
|a Play
|x Fiction.
|
| 700 |
1 |
|
|a Moser, Barry,
|e illustrator.
|
| 999 |
|
|
|a MARS
|
| 999 |
f |
f |
|s 52f9a94c-ab0b-3c14-aa69-5872eb189372
|i 0c527039-76b5-333c-aa74-93903c61a380
|t 0
|
| 952 |
f |
f |
|p normal
|a Texas A&M University
|b College Station
|c Sterling C. Evans Library
|d Evans: Curriculum Collection (4th floor)
|t 0
|e PZ7.W6422 Gam 1994
|h Library of Congress classification
|i unmediated -- volume
|m A14821248864
|
| 998 |
f |
f |
|a PZ7.W6422 Gam 1994
|t 0
|l Evans: Curriculum Collection (4th floor)
|